000
00340pab a2200157 454500
008
180718b2010 xxu||||| |||| 00| 0 eng d
100
_a
Roy, Arun
245
_a
How MGNREGA is being undermined
260
_c
2010
300
_a
p.6.
362
_a
20 Nov
650
_a
Employment
773
_a
Mainstream
908
_a
N
909
_a
89845
999
_c
89845
_d
89845